书目信息 |
| 题名: |
项目管理导论
|
|
| 作者: | 殷焕武 主编 | |
| 分册: | ||
| 出版信息: | 北京 机械工业出版社 2012.07 |
|
| 页数: | 289页 | |
| 开本: | 28cm | |
| 丛书名: | ||
| 单 册: | ||
| 中图分类: | F224.5 | |
| 科图分类: | ||
| 主题词: | 经济--计算 , 经济数学--方法 | |
| 电子资源: | ||
| ISBN: | 7-111-39041-5 | |
| 000 | 00627nam0 2200217 450 | |
| 001 | 1634441881 | |
| 005 | 20160503093509.22 | |
| 010 | @a7-111-39041-5@dCNY35.00 | |
| 100 | @a20160503d2012 km y0chiy0120 ea | |
| 101 | 0 | @achi |
| 102 | @aCN@b110000 | |
| 200 | 1 | @a项目管理导论@Axiang mu guan li dao lun@f殷焕武主编@Fyin huan wu zhu bian |
| 205 | @a3版 | |
| 210 | @a北京@c机械工业出版社@d2012.07 | |
| 215 | @a289页@d28cm | |
| 606 | 0 | @a经济@x计算 |
| 606 | 0 | @a经济数学@x方法 |
| 690 | @aF224.5@v4 | |
| 701 | 0 | @a殷焕武@Ayin huan wu@4主编 |
| 801 | 0 | @aCN@b大连网信软件有限公司图书馆·11@c20160503 |
| 905 | @aZUCC@dF224.5@eY5821=3 | |
| 项目管理导论/殷焕武主编.-3版.-北京:机械工业出版社,2012.07 |
| 289页;28cm |
| ISBN 7-111-39041-5:CNY35.00 |
| ● |
| 相关链接 |
|
|
|
正题名:项目管理导论
索取号:F224.5/Y5821=3
 
预约/预借
| 序号 | 登录号 | 条形码 | 馆藏地/架位号 | 状态 | 备注 |
| 1 | 819289 | 208192891 | 管理学院资料室/ [索取号:F224.5/Y5821=3] | 在馆 |